Juan Bosch : (Registro nro. 13713)

Detalles MARC
000 -LEADER
fixed length control field 01094nam a2200325 a 4500
001 - CONTROL NUMBER
control field
003 - CONTROL NUMBER IDENTIFIER
control field OSt
005 - DATE AND TIME OF LATEST TRANSACTION
control field 20210903122120.0
008 - FIXED-LENGTH DATA ELEMENTS--GENERAL INFORMATION
fixed length control field 181114s2017 dr a 000 0 spa d
020 ## - INTERNATIONAL STANDARD BOOK NUMBER
International Standard Book Number 9789945005080
040 ## - CATALOGING SOURCE
Original cataloging agency DO-SdBNP
Language of cataloging spa
Transcribing agency BMPSU
082 ## - DEWEY DECIMAL CLASSIFICATION NUMBER
Classification number RD868.44
Item number B742J 2017
Edition number 22
100 1# - MAIN ENTRY--PERSONAL NAME
Personal name Bosch, Juan,
Dates associated with a name 1909-2001
9 (RLIN) 1
245 10 - TITLE STATEMENT
Title Juan Bosch :
Remainder of title primeros escritos, cuentos, ensayos literarios y discursos políticos /
Statement of responsibility, etc. compilación Euclides Gutiérrez Félix.
260 ## - PUBLICATION, DISTRIBUTION, ETC. (IMPRINT)
Place of publication, distribution, etc. Santo Domingo :
Name of publisher, distributor, etc. Corripio,
Date of publication, distribution, etc. 2017.
300 ## - PHYSICAL DESCRIPTION
Extent 726 p. :
Other physical details il. ;
Dimensions 24 cm.
500 ## - GENERAL NOTE
General note Incluye índice
500 ## - GENERAL NOTE
General note Incluye datos biograficos del compilador en las solapas
590 ## - LOCAL NOTE (RLIN)
Local note Inventariado, 2021/VM
600 10 - SUBJECT ADDED ENTRY--PERSONAL NAME
Personal name Bosch, Juan,
Dates associated with a name 1909-2001
9 (RLIN) 1
650 14 - SUBJECT ADDED ENTRY--TOPICAL TERM
Topical term or geographic name as entry element Ensayos dominicanos
650 14 - SUBJECT ADDED ENTRY--TOPICAL TERM
Topical term or geographic name as entry element Cuentos dominicanos
650 14 - SUBJECT ADDED ENTRY--TOPICAL TERM
Topical term or geographic name as entry element Literatura dominicana.
650 14 - SUBJECT ADDED ENTRY--TOPICAL TERM
Topical term or geographic name as entry element Ensayos literatiros
650 #4 - SUBJECT ADDED ENTRY--TOPICAL TERM
Topical term or geographic name as entry element Discursos políticos
Geographic subdivision República Dominicana
700 1# - ADDED ENTRY--PERSONAL NAME
Personal name Gutiérrez Félix, Euclides
Relator term comp.
700 1# - ADDED ENTRY--PERSONAL NAME
Personal name Germán, Alejandrina,
Relator term pról.
910 ## - USER-OPTION DATA (OCLC)
User-option data VMateo
942 ## - ADDED ENTRY ELEMENTS (KOHA)
Source of classification or shelving scheme Dewey Decimal Classification
Koha item type Libros
Existencias
Withdrawn status Lost status Source of classification or shelving scheme Damaged status Not for loan Collection code Home library Current library Date acquired Full call number Barcode Date last seen Price effective from Koha item type Total Checkouts Copy number
    Dewey Decimal Classification     Colección Dominicana Biblioteca Pública Metropolitana Salomé Ureña Biblioteca Pública Metropolitana Salomé Ureña 09/03/2021 BPMSU CD RD868.44 B742J 2017 BPMSU21090040 09/03/2021 09/03/2021 Libros    
    Dewey Decimal Classification     Colección Dominicana Biblioteca Pública Metropolitana Salomé Ureña Biblioteca Pública Metropolitana Salomé Ureña 09/03/2021 BPMSU CD RD868.44 B742J 2017 BPMSU21090041 09/03/2021 09/03/2021 Libros   e.2